Regulación y gestión de los residuos : un aporte multidisciplinario /

Guardado en:
Otros Autores: Garros Martínez, María Cristina, (coord.), Sabsay, Daniel Alberto, (prol.)
Formato: Libro
Idioma:Spanish
Publicado: Santa Fe : Rubinzal Culzoni, 2013.
Edición:1a. ed.
Materias:
Etiquetas: Agregar Etiqueta
Sin Etiquetas, Sea el primero en etiquetar este registro!
LEADER 00643nam a22001815a 4500
001 DER.der014249
008 191017s2013####ag############000#0#spa#d
005 20251217125048.0
245 1 0 |a Regulación y gestión de los residuos :  |b un aporte multidisciplinario /  |c coordinado por María Cristina Garros Martínez. 
250 |a 1a. ed. 
260 |a Santa Fe :  |b Rubinzal Culzoni,  |c 2013. 
300 |a 410 p. 
020 |a 9789873003806 
700 1 |a Garros Martínez, María Cristina,  |e coord. 
700 1 |a Sabsay, Daniel Alberto,  |e prol. 
650 7 |a DERECHO AMBIENTAL 
650 7 |a tratamiento de residuos 
859 |a DERECHO  |b BIB. DERECHO  |h 346.046  |i REG  |p 009505